Statistics for Countries of the World Venn Diagram #2

Click here to take the quiz!

General Stats

  • This quiz has been taken 1,763 times
  • The average score is 7 of 10

Answers on the Map

Answers color-coded by a green-red scale on the quiz's map according to % correct below.
 

Answer Stats

Answer% Correct
South Korea
81%
Syria
81%
Taiwan
76%
Kuwait
72%
São Tomé and Príncipe
71%
Suriname
68%
Tunisia
65%
Ireland
62%
Uruguay
61%
Djibouti
57%

Score Distribution

Percentile by Number Answered

Percent of People with Each Score

Your Score History

You have not taken this quiz